| 000 | 01292nam a2200397 c 4500 | ||
|---|---|---|---|
| 001 | 12328 | ||
| 003 | ES-MaCES | ||
| 005 | 20170724113700.0 | ||
| 008 | 010628s2000 sp t 000 | spa d | ||
| 017 |
_aM 1118-2000 _bDL |
||
| 020 | _a8486497450 | ||
| 035 | _aCES20010008996m | ||
| 040 |
_aES-MaCES _bspa _cES-MaCES |
||
| 100 | 1 |
_924828 _aTezanos, José Félix |
|
| 245 | 1 | 0 |
_aEstudio Delphi sobre la casa del futuro _cJosé Félix Tezanos, Julio Bordas |
| 260 |
_aMadrid _bFundación Sistema _c2000 |
||
| 300 |
_a202, [24] p. de tablas _c30 cm |
||
| 490 | 1 | _aInformes y documentos | |
| 500 | _aEn la cub., además: Grupo de Estudio sobre Tendencias Sociales | ||
| 541 | _cGratuito | ||
| 650 | 4 |
_avivienda _928598 |
|
| 650 | 4 |
_afuturo _928901 |
|
| 650 | 4 |
_ainnovación _928230 |
|
| 650 | 4 |
_aconsecuencias sociales _927288 |
|
| 650 | 4 |
_aEspaña _926964 |
|
| 650 | 4 |
_ainternacional _926674 |
|
| 650 | 4 |
_acomparación _928892 |
|
| 650 | 4 |
_aestudio de investigación _929263 |
|
| 653 | 1 | 0 | _aVivienda-Construcción-Urbanismo |
| 700 | 1 |
_aBordas, Julio _98077 |
|
| 710 | 2 |
_aFundación Sistema _eed. _93911 |
|
| 830 | 0 |
_aInformes y documentos (Fundación Sistema) _v5 _933184 |
|
| 902 | _aLIB Libro | ||
| 942 |
_2CES _cBK _h5.2. |
||
| 999 |
_c12328 _d12328 |
||